000
00257 a2200097 4500
245
_a
God Speaks to His Children
_b
: Texts from the Bible
_h
Text
020
_a
8471516616
650
_a
RELIGION
005
20191017172500.0
260
_a
Spain
_b
Editorial Verbo Divino
_c
1995
084
_a
NONE
999
_c
8950
_d
8950